| Tag |
First Indicator |
Second Indicator |
Subfields |
| LEADER |
00000cam a2200000Ia 4500 |
| 001 |
in00002005136 |
| 005 |
20151031125738.0 |
| 008 |
041025s2003 njua b 101 0 eng d |
| 010 |
|
|
|a 2004100146
|
| 020 |
|
|
|a 0780383176
|
| 035 |
|
|
|a (OCoLC)ocm56811569
|
| 040 |
|
|
|a LHL
|c LHL
|d TXA
|d UtOrBLW
|
| 049 |
|
|
|a TXAM
|
| 090 |
|
|
|a T14.5
|b .I57 2003
|
| 111 |
2 |
|
|a International Symposium on Technology and Society
|d (2003 :
|c Amsterdam, The Netherlands)
|
| 245 |
1 |
0 |
|a 2003 International Symposium on Technology and Society :
|b (ISTAS/CPTED 2003) : proceedings : Crime prevention, security and design : September 26-28, 2003, Olympisch Stadium, Amesterdam [as printed] /
|c sponsored by: IEEE Society on Social Implications of Technology ; in cooperation with: International CPTED Association (ICA) [and others].
|
| 246 |
3 |
0 |
|a Crime prevention, security and design
|
| 246 |
3 |
0 |
|a Technology and society
|
| 246 |
3 |
0 |
|a ISTAS/CPTED 2003
|
| 264 |
|
1 |
|a Piscataway, N.J. :
|b IEEE,
|c [2003]
|
| 264 |
|
4 |
|c ©2003
|
| 300 |
|
|
|a v, 43, 9 pages :
|b illustrations ;
|c 27 cm.
|
| 336 |
|
|
|a text
|b txt
|2 rdacontent
|
| 337 |
|
|
|a unmediated
|b n
|2 rdamedia
|
| 338 |
|
|
|a volume
|b nc
|2 rdacarrier
|
| 500 |
|
|
|a "IEEE Catalog Number 03CH37534"--Title page verso.
|
| 504 |
|
|
|a Includes bibliographical references and author index.
|
| 650 |
|
0 |
|a Information technology
|x Social aspects
|v Congresses.
|
| 710 |
2 |
|
|a IEEE Society on Social Implications of Technology.
|
| 710 |
2 |
|
|a International CPTED Association.
|
| 994 |
|
|
|a C0
|b TXA
|
| 948 |
|
|
|a cataloged
|b h
|c 2004/10/29
|d c
|e blrosas
|f 9:31:28 am
|
| 999 |
|
|
|a MARS
|
| 999 |
f |
f |
|s 6b87999a-6472-3ee7-9cb6-7638b839ad14
|i d3b4462a-f9b1-34a6-bb1b-06608b3edaf5
|t 0
|
| 952 |
f |
f |
|p ric
|a Texas A&M University
|b Rellis Campus
|c Joint Library Facility
|d Remote Storage
|t 0
|e T14.5 .I57 2003
|h Library of Congress classification
|i unmediated -- volume
|m A14831382961
|
| 998 |
f |
f |
|a T14.5 .I57 2003
|t 0
|l Remote Storage
|